000 00577nam a22002177a 4500
003 OSt
005 20250512231024.0
008 250512b ||||| |||| 00| 0 spa d
020 _a9786287641266
040 _cCO-Mq BPB
041 _aspa
082 _aAP
_bSZYp
100 _aSzymborska, Wislawa
_eautor
245 _aPaisaje con grano de arena
250 _a(Colección Premios Nobel de Literatura)
264 _aBogotá;
_bDebolsillo,
_c2023
300 _apáginas
_bTapa rustica
_c19 cm
650 _aLiteratura universal
650 _aPoesía
942 _2ddc
_cBKLIT
999 _c15958
_d15958